logo

Bir Sreshtho Munshi Abdur Rouf Library
Jhenaidah Cadet College

The Teaching of English / (Record no. 5924)

MARC details
000 -LEADER
fixed length control field 00905cam a2200265 i 4500
001 - CONTROL NUMBER
JCCL Control Number 5924
003 - CONTROL NUMBER IDENTIFIER
JCCL marc code BD-JhCC
005 - DATE AND TIME OF LATEST TRANSACTION
control field 20171231134056.0
008 - FIXED-LENGTH DATA ELEMENTS--GENERAL INFORMATION
fixed length control field 770505s1977 ilu b 001 0 eng
035 ## - SYSTEM CONTROL NUMBER
system control number (BD-JhCC)5924
040 ## - CATALOGING SOURCE
Original cataloging agency DLC
Transcribing agency DLC
Modifying agency DLC
-- BD-JhCC
041 ## - LANGUAGE CODE
Language code of Book eng
050 00 - LIBRARY OF CONGRESS CALL NUMBER
Classification number LB5
Item number .N25 76th, pt. 1
Classification number LB1576
082 00 - DEWEY DECIMAL CLASSIFICATION NUMBER
Classification number 420.7/1073
Author mark and Year TEA 1959
245 04 - TITLE STATEMENT
Title The Teaching of English /
Statement of responsibility, etc Randolph Quirk...[ et. all.].
260 ## - PUBLICATION, DISTRIBUTION, ETC. (IMPRINT)
Place of publication, distribution, etc London :
Name of publisher, distributor, etc Oxford University Press,
Date of publication, distribution, etc 1964.
300 ## - PHYSICAL DESCRIPTION
Pagination 163 p. :
Dimensions 24 cm.
490 1# - SERIES STATEMENT
Series statement Yearbook of the National Society for the Study of Education ; 76th, pt. 1
504 ## - BIBLIOGRAPHY, ETC. NOTE
Bibliography, etc Includes bibliographical references and index.
650 #0 - SUBJECT ADDED ENTRY--TOPICAL TERM
Topical term or geographic name as entry element English language
General subdivision Study and teaching.
650 #0 - SUBJECT ADDED ENTRY--TOPICAL TERM
Topical term or geographic name as entry element Language arts.
700 1# - ADDED ENTRY--PERSONAL NAME
Personal name Quirk, Randolph
830 #0 - SERIES ADDED ENTRY--UNIFORM TITLE
Uniform title Yearbook of the National Society for the Study of Education ;
Volume number/sequential designation new ser., 76th, pt. 1.
942 ## - ADDED ENTRY ELEMENTS (KOHA)
Source of classification or shelving scheme Dewey Decimal Classification
Koha item type Books
Holdings
Source of classification or shelving scheme Damaged status Not for loan Home library Current library Shelving location Total Checkouts Full call number Barcode Date last seen Copy number Koha item type
Dewey Decimal Classification     JCC Rouf Library JCC Rouf Library General Stacks   420.7/1073 THE 1959 8131 12/30/2017 C - 1 Books

JCC Library | Contacts | JCC Home

Last Update on 23 September 2017
Copyright @ 2017-2020 JCC Rouf Library
Rouf Library, Jhenidah Cadet College (JCC), Bangladesh